| 000 | 00000nam##2200000za#4500 |
| 001 | 9.625414 |
| 003 | CaOODSP |
| 005 | 20200327183109 |
| 007 | ta |
| 008 | 150406|2000||||xxc||||| f|0| 0 fre|d |
| 020 | |a0-662-85002-5 |
| 022 | |a1484-2815 |
| 040 | |aCaOODSP|bfre |
| 043 | |an-cn--- |
| 086 | 1 |aFo29-47/22-2000F |
| 110 | 1 |aCanada.|bRessources naturelles Canada. |bService canadien des forêts. |
| 245 | 10|aVers l'inventaire forestier semi-automatique par la reconnaissance individuelle des cimes des arbres|cpar F. A. Gougeon. |
| 260 | |aVictoria - Colombie Britannique : |bRessources naturelles Canada. |c2000. |
| 300 | |a6p. : |bfigures, références ; |c28 cm. |
| 490 | 1 |aNotes de transfert technologique|x1484-2815|vN° 22, septembre 2000 |
| 500 | |aN.B.: Le numéro ISBN (0-662-28947-1) imprimé dans cette publication est incorrect. |
| 563 | |aDépliant |
| 590 | |a00-48|b2000-12-01 |
| 691 | 07|aTechnologie forestière|2gcpds |
| 691 | 07|aGestion forestière|2gcpds |
| 691 | 07|aArbre|2gcpds |
| 720 | 1 |aGougeon, F. A. |
| 776 | 0#|tVers l'inventaire forestier semi-automatique par la reconnaissance individuelle des cimes des arbres|w(CaOODSP)9.604818 |
| 830 | #0|aNotes de transfert technologique,|x1484-2815|vN° 22, septembre 2000|w(CaOODSP)9.513024 |